|
|
|
|
| LEADER |
00884cam a2200229 a 4500 |
| 001 |
0000111798 |
| 005 |
20091130090000.0 |
| 040 |
|
|
|a mod
|
| 041 |
|
|
|a eng
|
| 020 |
0 |
0 |
|a 1844154424
|
| 090 |
0 |
0 |
|a 940.5425
|b EDW
|e 2006
|
| 100 |
1 |
0 |
|a Edwards Bernard
|
| 245 |
1 |
0 |
|a Japan's Blitzkrieg
|b the rout of Allied forces in the Far East 1941-2
|c Bernard Edwards
|
| 260 |
0 |
0 |
|a Barnsley
|b Pen & Sword Maritime
|c 2006
|
| 300 |
0 |
0 |
|a xi, 194 p.
|b ill.
|c 24 cm
|
| 500 |
0 |
0 |
|a Cover title ; Japan's blitzkrieg : the allied collapse in the east 1941-42
|
| 504 |
0 |
0 |
|a Includes bibliographical references and index
|
| 650 |
0 |
0 |
|a World War, 1939-1945
|x Campaigns
|z Southeast Asia
|
| 650 |
0 |
0 |
|a World War, 1939-1945
|x Campaigns
|z Pacific Ocean
|
| 852 |
0 |
0 |
|a 01
|
| 999 |
|
|
|a 0274487
|b KEMENTAH
|d BOOKS
|e Umum
|f Perpustakaan KEMENTAH
|j AVAILABLE
|q GOOD CONDITION
|
| 999 |
|
|
|a 0282772
|b 10 BGD
|d BOOKS
|e Umum
|f 10 BGD
|j AVAILABLE
|q GOOD CONDITION
|